| 000 | 00393nam a22001577a 4500 | ||
|---|---|---|---|
| 005 | 20170330115537.0 | ||
| 008 | 170330b xxu||||| |||| 00| 0 eng d | ||
| 020 | _a81-7721-097-1 | ||
| 041 | _aeng | ||
| 100 |
_aCHAITANYA,S.P _93731 |
||
| 245 | _a1000 PATRAKARITA EVAM JANSANCHAR PRASNOTAR | ||
| 260 |
_bSATSAHITYA PRAKSHAN _c2011 |
||
| 300 | _a159 | ||
| 650 |
_aMASS COMM _93668 |
||
| 942 | _cBK | ||
| 999 |
_c5357 _d5355 |
||